| 000 | 01064nam a22002657a 4500 | ||
|---|---|---|---|
| 999 |
_c64570 _d64570 |
||
| 005 | 20240530110738.0 | ||
| 008 | 180910s2001 jo g b 000 0 ara d | ||
| 017 |
_a22/1351 _bمصر. دار الكتب |
||
| 020 | _a9960667168 | ||
| 040 |
_aEG-CaGPL _cEG-CaGPL |
||
| 082 | 0 | 4 |
_221 _a215 / _bم م |
| 100 | 0 | _aمحمد بن العسافى | |
| 245 | 1 | 0 |
_aمساجد الزبير / _cتاليف محمد بن العسافى ؛ مشاركة ابراهيم بن راشد الصقير ؛ تحقيق وتقديم قاسم السامرائى |
| 250 | _aط.1 | ||
| 260 |
_aالرياض : _bدار الفيصل الثقافية، _c2001. |
||
| 300 |
_a106 ص. ؛ _c19 سم. |
||
| 504 | _aيشتمل على ارجاعات ببليوجرافية | ||
| 650 | 0 | 7 |
_2qrmak _aالمساجد |
| 650 | 0 | 7 |
_2qrmak _aالعمارة الاسلامية |
| 651 | _2qrmak | ||
| 700 | 0 |
_aابراهيم بن راشد الصقير _eمشارك |
|
| 700 | 0 |
_aقاسم السامرائى _eمحقق ومقدم |
|
| 942 |
_2ddc _cBK |
||